Alfred Baudrillart, Les Carnets (26 décembre 1928-12 février 1932), Texte établi, présenté et annoté par Paul Christophe. Cerf, 2003, 1 146 pages, 65 ? (notice n° 1619115)
[ vue normale ]
| 000 -LEADER | |
|---|---|
| fixed length control field | 00566cam a2200145 4500500 |
| 005 - DATE AND TIME OF LATEST TRANSACTION | |
| control field | 20260111090538.0 |
| 041 ## - LANGUAGE CODE | |
| Language code of text/sound track or separate title | fre |
| 042 ## - AUTHENTICATION CODE | |
| Authentication code | dc |
| 100 10 - MAIN ENTRY--PERSONAL NAME | |
| Personal name | Vallin, Pierre |
| Relator term | author |
| 245 00 - TITLE STATEMENT | |
| Title | Alfred Baudrillart, Les Carnets (26 décembre 1928-12 février 1932), Texte établi, présenté et annoté par Paul Christophe. Cerf, 2003, 1 146 pages, 65 ? |
| 260 ## - PUBLICATION, DISTRIBUTION, ETC. | |
| Date of publication, distribution, etc. | 2003.<br/> |
| 500 ## - GENERAL NOTE | |
| General note | 34 |
| 786 0# - DATA SOURCE ENTRY | |
| Note | Études | 398 | 5 | 2003-05-01 | p. 703zg-719zg | 0014-1941 |
| 856 41 - ELECTRONIC LOCATION AND ACCESS | |
| Uniform Resource Identifier | <a href="https://shs.cairn.info/revue-etudes-2003-5-page-703zg?lang=fr&redirect-ssocas=7080">https://shs.cairn.info/revue-etudes-2003-5-page-703zg?lang=fr&redirect-ssocas=7080</a> |
Pas d'exemplaire disponible.




Réseaux sociaux